000 00322nam a22001217a 4500
003 OSt
008 250222b |||||||| |||| 00| 0 eng d
041 _aeng
100 _aSingh, T and Dixit, Subodh K
_97229
245 _aUse of Biofertilizers for Higher Crop Yields
260 _bFarm Information Unit,
_c1998.
942 _cBK
999 _c19437
_d19437